| 000 | 01328nam a2200253Ia 4500 | ||
|---|---|---|---|
| 003 | Ost | ||
| 005 | 20260507075229.0 | ||
| 008 | 260507s9999||||xx |||||||||||||| ||und|| | ||
| 020 | _a21963399579 | ||
| 040 | _cfsecg | ||
| 041 | _aara | ||
| 082 | _a330 | ||
| 100 |
_aاللامي، غسان قاسم داود _eمؤلف |
||
| 245 | 0 |
_aتكنولوجيا المعلومات في منظمات الاعمال : _bالاستخدامات و التطبيقات / _c غسان قاسم داود اللامي |
|
| 260 |
_aعمان: _bمؤسسة الوراق, _c2009 |
||
| 300 |
_a227 صفحة؛ _bإيضاحات ؛ _c24 سم |
||
| 504 | _aمراجع : لكل فصل مرجع | ||
| 520 | _aتطبيقات تكنولوجيا المعلومات في مجالالت الانتاج ، الانظمة الخبيرة و الذكاء الصناعي الشبكة العصبونية الصناعية ، شبكات الاتصال ، الاعمال الالكترونية و التجارة الالكترونية ، إدارة المعرفة ، أمن شبكة المعلومات و معالجته. | ||
| 653 | _aإدارة الاعمال | ||
| 653 | _aتكنولوجيا المعلومات | ||
| 653 | _aمنظمات أصحاب العمل | ||
| 700 |
_aشكرولي البياتي، أميرة _eمؤلف ثانوي |
||
| 942 | _cكتاب | ||
| 999 |
_c43554 _d43554 |
||